Interkultúrna komunikácia vo vybranej organizácii diplomová práca

Saved in:
Bibliographic Details
Main Author: Štofčíková, Erika
Corporate Author: Podnikovohospodárska fakulta EU so sídlom v Košiciach. Katedra manažmentu
Other Authors: Mihalčová, Bohuslava, 1963-
Format: Book
Language:Slovak
Published: Košice 2013
Tags: Add Tag
No Tags, Be the first to tag this record!

MARC

LEADER 00000nbm a2200000 4500
001 0179857
005 20161228130936.4
041 0 |a slo 
044 |a SK 
245 1 0 |a Interkultúrna komunikácia vo vybranej organizácii  |b diplomová práca  |c Erika Štofčíková ; školiteľ: Bohuslava Mihalčová 
264 1 |a Košice  |c 2013 
300 |a 59 s. 
100 1 |a Štofčíková, Erika 
700 1 |a Mihalčová, Bohuslava, 1963- 
710 2 |a Podnikovohospodárska fakulta EU so sídlom v Košiciach. Katedra manažmentu